000 00591nam a2200217 a 4500
999 _c1329
_d1329
008 191218t2012 ii a|||g |||| 001 0 eng d
020 _a9789350043035
_cRs. 429.00
040 _aKO
_beng
041 0 _aeng
044 _aii
082 0 4 _223
_a338.5024658
_bJ316
100 1 _aJaswinder Singh
245 1 0 _aManagerial Economics /
_cJaswinder Singh
260 _aNew Delhi :
_bDreamtech Press ,
_c2012.
300 _axxiv, 851 p. :
_bill. ;
_c27 cm +
_e1 CD-ROM
504 _aIncludes Index.
650 0 _aManagerial economics
_vTextbooks
904 _aA_BOSE
942 _cBK